000 00352nam a2200145Ia 4500
005 20251222143147.0
008 251222s9999||||xx |||||||||||||| ||spa||
020 _a9788490321478
082 _a813.54/B81
100 _aBradbury, Ray
245 0 _aFahrenheit 451
250 _a4ta.ed.
264 _bRandom House Grupo Editorial, S.A.U.
942 _cLIB
999 _c12546
_d12546